01309nam a2200277 a 4500001000400000003001000004005001700014008004100031020001800072040002500090080002600115090003500141100002500176245017900201250002500380260003800405300002000443500015100463504002500614650003500639650005600674942001200730952013800742952013800880999001301018574BR-CuiBMT20231216001425.0231109s2015 mgb 000 0 por d a9788545000945 aBR-CuiBMTcBR-CuiBMT 22007a658.114.8:061.2 a658.114.8:061.2bV795tc3. ed.1 aViolin, Tarso Cabral10aTerceiro setor e as parcerias com a administração pública :buma análise crítica /cTarso Cabral Violin ; prefácio Romeu Felipe Bacellar Filho e Carlos Montaño. a3. ed., rev. e ampl. aBelo Horizonte :bFórum,c2015. a349 p. ;c22 cm aAtualizado conforme a lei das OSC - Organizações da sociedade civil (Lei 13.019/2014) e a decisão do STF na ADIN 1.923 sobre a Lei 9.637/98. aInclui bibliografia. aDireito administrativozBrasil aAdministração públicaxTerceiro setorzBrasil 2udccLV 00102udc4070aBIBTCEMTbBIBTCEMTd2019-08-06l0o658.114.8:061.2 V795t 3. ed.pBIBTCEMT23110376r2023-11-09tEx. 1w2023-11-09yLV 00102udc4070aBIBTCEMTbBIBTCEMTd2019-08-06l0o658.114.8:061.2 V795t 3. ed.pBIBTCEMT23120645r2023-12-16tEx. 2w2023-11-09yLV c574d574